000 00519nam a22001937a 4500
005 20251118141700.0
008 251118b |||||||| |||| 00| 0 eng d
020 _a978-1-133-10911-2
050 _aQD 31.2.B48 I58 2013
_bC.1
100 _aBETTELHEIM FREDERICK
245 _aGENERAL,ORGANIC AND BIOCHEMISTRY
250 _aTENTH EDITION
260 _aUSA
_bMARY FINCH
300 _aV11-627P.
500 _aIT HAS BIBLIOGRAPHIC DATA
650 _aCHEMISTRY
700 _aBETTERHEIM FREDERICK
942 _2lcc
_cBK
999 _c216203
_d216203